000 00900nam a2200277 4500
001 121385
003 ES-MaACL
005 20251003192900.0
007 t|
008 070214s1955 sp r ||||1| spa d
080 _a75(460)"16":929
100 1 _aPla Cargol, Joaquín.
_992486
245 1 0 _aCarreño, Coello, Pantoja y Valdés Leal /
_cpor Joaquín Pla Cargol.
250 _a1ª ed.
260 _aGerona :
_bDalmáu Carles,
_c1955.
300 _a128 p. :
_bil. ;
_c18 cm.
490 1 _aBiblioteca de arte
600 1 4 _aCarreño de Miranda, Juan,
_d1614-1685
_9173643
600 1 4 _aCoello, Claudio,
_d1642-1693
_939457
600 1 4 _aPantoja de la Cruz, Juan,
_d1553-1608
_9173644
600 1 4 _aValdés Leal, Juan de.
_9149666
650 4 _aPintores-
_zEspaña-
_yS.XVII.
_9173642
830 1 _aBiblioteca de arte
_9179381
852 _aES-MaACL
_jC-9841
999 _c121385
_d121385